[Event "30PCR_F"]
[Site "?"]
[Date "2014.10.27"]
[Round "?"]
[White "Svoboda, Josef"]
[Black "Vins, Karel"]
[Result "1-0"]
[WhiteElo "1915"]
[BlackElo "1721"]
[PlyCount "63"]
[EventDate "2014.??.??"]
[EventType "corr"]
[EventRounds "2"]
[SourceDate "2010.08.23"]

1. e4 e5 2. Nf3 Nc6 3. Nc3 Nf6 4. Bb5 Nd4 5. Nxe5 Qe7 6. f4 Nxb5 7. Nxb5 Qc5 8.
Nc3 d6 9. d4 Qb4 10. Nf3 Be7 11. O-O b6 12. e5 Ng8 13. Qd3 Qa5 14. Nb5 Kd8 15.
Qc4 Bd7 16. Qxc7+ Ke8 17. Nxd6+ Bxd6 18. Qxd6 Qb5 19. b3 Qc6 20. Ba3 Qxd6 21.
exd6 f6 22. Rae1+ Kf7 23. Re3 Re8 24. Rc3 Rc8 25. Rxc8 Bxc8 26. Re1 h5 27. Nh4
g5 28. fxg5 fxg5 29. Nf3 Kf6 30. d5 Rh7 31. Bb2+ Kf7 32. Nxg5+ 1-0

[Event "30PCR_F"]
[Site "?"]
[Date "2014.10.27"]
[Round "?"]
[White "Farny, Miroslav"]
[Black "Lucan, Zdenko"]
[Result "1-0"]
[WhiteElo "2097"]
[BlackElo "1611"]
[PlyCount "55"]
[EventDate "2014.??.??"]
[EventType "corr"]
[EventRounds "2"]
[SourceDate "2010.08.23"]

1. d4 e6 2. c4 f5 3. g3 Be7 4. Bg2 c6 5. Nf3 h6 6. Ne5 Bg5 7. e3 Ne7 8. Qh5+ g6
9. Nxg6 Nxg6 10. Qxg6+ Kf8 11. h4 Qf6 12. Qh5 Bf4 13. exf4 Qxd4 14. O-O d6 15.
Rd1 Qf6 16. Rxd6 Na6 17. Qd1 Rb8 18. Bd2 Nc5 19. Bc3 Qxc3 20. Nxc3 Bd7 21. Qd4
Rh7 22. Qxc5 b6 23. Qe5 Re8 24. Rad1 Ree7 25. Rxd7 Rxd7 26. Qb8+ Ke7 27. Rxd7+
Kxd7 28. Qxa7+ 1-0

[Event "30PCR_F"]
[Site "?"]
[Date "2014.10.27"]
[Round "?"]
[White "Fejfar, Vlastimil"]
[Black "Smolka, Jan"]
[Result "1-0"]
[WhiteElo "2160"]
[BlackElo "2242"]
[PlyCount "79"]
[EventDate "2014.??.??"]
[EventType "corr"]
[EventRounds "2"]
[SourceDate "2010.08.23"]

1. e4 e5 2. Nf3 Nc6 3. Bc4 Nf6 4. d3 Bc5 5. c3 d6 6. Nbd2 O-O 7. O-O a6 8. b4
Ba7 9. a4 Bd7 10. Bb2 Qe7 11. Re1 Nh5 12. Nb3 Qf6 13. b5 axb5 14. axb5 Ne7 15.
Bc1 h6 16. d4 Ng6 17. Be3 exd4 18. Nfxd4 Nhf4 19. Qd2 Rfe8 20. Kh1 Rxe4 21. g3
Ne5 22. Bf1 Nd5 23. Bg2 Qg6 24. Qc2 Nf6 25. Ra2 c5 26. bxc6 bxc6 27. Bxe4 Nxe4
28. f3 Nxg3+ 29. hxg3 Qxg3 30. Qf2 Qg6 31. Rea1 Rb8 32. Rxa7 Qh5+ 33. Qh2 Bh3
34. Ra8 Rxa8 35. Rxa8+ Kh7 36. Nd2 c5 37. Ra5 f5 38. Ra7 cxd4 39. Bxd4 f4 40.
Qxf4 1-0

[Event "30PCR_F"]
[Site "?"]
[Date "2014.10.27"]
[Round "?"]
[White "Chvojka, Jaroslav"]
[Black "Goc, Pavel"]
[Result "1/2-1/2"]
[WhiteElo "2241"]
[BlackElo "2241"]
[PlyCount "73"]
[EventDate "2014.??.??"]
[EventType "corr"]
[EventRounds "2"]
[SourceDate "2010.08.23"]

1. d4 Nf6 2. Nf3 e6 3. c4 b6 4. g3 Bb7 5. Bg2 Be7 6. O-O O-O 7. Nc3 Ne4 8. Qc2
Nxc3 9. Qxc3 f5 10. Bf4 g5 11. Be3 g4 12. Ne1 Bxg2 13. Nxg2 Nc6 14. Rad1 Qe8
15. Bf4 d6 16. d5 Bf6 17. Qd2 Nd4 18. Be3 c5 19. Bxd4 Bxd4 20. Nf4 exd5 21. e3
Be5 22. Qxd5+ Kh8 23. b3 Rb8 24. h3 b5 25. cxb5 Rxb5 26. hxg4 fxg4 27. Nd3 Qh5
28. Nxe5 dxe5 29. Rc1 Qg5 30. Rxc5 Rxc5 31. Qxc5 Rf7 32. e4 h5 33. Rd1 Kh7 34.
Rd5 Re7 35. b4 Qg7 36. Qc3 Qf6 37. b5 1/2-1/2

[Event "30PCR_F"]
[Site "?"]
[Date "2014.10.27"]
[Round "?"]
[White "Goc, Pavel"]
[Black "Fejfar, Vlastimil"]
[Result "0-1"]
[WhiteElo "2241"]
[BlackElo "2160"]
[PlyCount "110"]
[EventDate "2014.??.??"]
[EventType "corr"]
[EventRounds "2"]
[SourceDate "2010.08.23"]

1. e4 e5 2. Nf3 Nc6 3. Bb5 a6 4. Ba4 Nf6 5. O-O b5 6. Bb3 Bd6 7. d3 O-O 8. Bg5
Bb7 9. Nbd2 h6 10. Bh4 Re8 11. c3 Qe7 12. Re1 Bc5 13. d4 Bb6 14. dxe5 Nxe5 15.
Nxe5 Qxe5 16. Qf3 d5 17. Bxf6 gxf6 18. Qg4+ Qg5 19. Qxg5+ fxg5 20. exd5 Rad8
21. Rxe8+ Rxe8 22. Kf1 Rd8 23. Ne4 Kg7 24. Rd1 a5 25. c4 a4 26. Bc2 bxc4 27.
Nc3 a3 28. b4 cxb3 29. Bxb3 Ba5 30. Ne4 Ba6+ 31. Kg1 Be2 32. Rc1 Re8 33. Ng3
Bd3 34. h3 Re1+ 35. Rxe1 Bxe1 36. Nf1 Bb4 37. Ne3 h5 38. Bc2 Ba6 39. Bb3 Kf6
40. g4 h4 41. Kg2 Ke5 42. d6 cxd6 43. Bxf7 Bb7+ 44. Kf1 d5 45. Kg1 Be7 46. Bg6
d4 47. Nc4+ Kf4 48. Bd3 Bd5 49. Kf1 Bb4 50. Kg1 Be4 51. Bxe4 Kxe4 52. Kf1 d3
53. Ne3 Kf3 54. Nd1 Bd2 55. Ne3 Bxe3 0-1

[Event "30PCR_F"]
[Site "?"]
[Date "2014.10.27"]
[Round "?"]
[White "Smolka, Jan"]
[Black "Farny, Miroslav"]
[Result "1-0"]
[WhiteElo "2242"]
[BlackElo "2097"]
[PlyCount "37"]
[EventDate "2014.??.??"]
[EventType "corr"]
[EventRounds "2"]
[SourceDate "2010.08.23"]

1. e4 e5 2. Nf3 Nc6 3. Bb5 d6 4. d4 Bd7 5. Nc3 Nxd4 6. Bxd7+ Qxd7 7. Nxd4 exd4
8. Qxd4 Ne7 9. O-O Ng6 10. Be3 b6 11. f4 Ne7 12. Qc4 c6 13. f5 Nc8 14. Qd4 Rg8
15. Rad1 Rb8 16. e5 d5 17. Qg4 Qc7 18. f6 g6 19. e6 1-0

[Event "30PCR_F"]
[Site "?"]
[Date "2014.10.27"]
[Round "?"]
[White "Lucan, Zdenko"]
[Black "Svoboda, Josef"]
[Result "0-1"]
[WhiteElo "1611"]
[BlackElo "1915"]
[PlyCount "48"]
[EventDate "2014.??.??"]
[EventType "corr"]
[EventRounds "2"]
[SourceDate "2010.08.23"]

1. Nf3 Nf6 2. c4 Nc6 3. d3 e6 4. Bg5 Be7 5. Bxf6 Bxf6 6. Nc3 d6 7. Rb1 O-O 8.
Ne4 Be7 9. e3 f5 10. Ned2 f4 11. Nb3 fxe3 12. fxe3 d5 13. c5 a5 14. e4 a4 15.
Nbd2 Bxc5 16. Rc1 Be3 17. Be2 a3 18. b3 e5 19. Rc2 Nb4 20. Rc1 Nxa2 21. Ra1 Nc3
22. Qc2 Bd4 23. Nb1 Nxe2 24. Kxe2 Bxa1 0-1

[Event "30PCR_F"]
[Site "?"]
[Date "2014.10.27"]
[Round "?"]
[White "Vins, Karel"]
[Black "Kepsta, Martin"]
[Result "0-1"]
[WhiteElo "1721"]
[BlackElo "1900"]
[PlyCount "42"]
[EventDate "2014.??.??"]
[EventType "corr"]
[EventRounds "2"]
[SourceDate "2010.08.23"]

1. e4 e5 2. Nf3 Nc6 3. Bb5 Nf6 4. d3 Bc5 5. O-O O-O 6. c3 Re8 7. h3 d6 8. Re1
Bd7 9. Bg5 h6 10. Be3 Bxe3 11. Rxe3 Ne7 12. Bxd7 Qxd7 13. b3 Ng6 14. Nh2 d5 15.
f3 d4 16. Re2 dxc3 17. Kf1 Nf4 18. Rc2 N6h5 19. Ng4 Qd4 20. Nxc3 Ng3+ 21. Ke1
Nxd3+ 0-1

[Event "30PCR_F"]
[Site "?"]
[Date "2014.10.27"]
[Round "?"]
[White "Ptacek, Jiri"]
[Black "Stepan, Josef"]
[Result "0-1"]
[WhiteElo "1782"]
[BlackElo "1870"]
[PlyCount "56"]
[EventDate "2014.??.??"]
[EventType "corr"]
[EventRounds "2"]
[SourceDate "2010.08.23"]

1. Nf3 Nf6 2. d4 e6 3. Bg5 h6 4. Bxf6 Qxf6 5. a3 c5 6. c3 d5 7. b4 c4 8. Nbd2
Nd7 9. e4 a5 10. e5 Qg6 11. Nh4 Qh7 12. Qb1 Qxb1+ 13. Rxb1 g5 14. Nhf3 axb4 15.
axb4 g4 16. Ng1 f6 17. exf6 h5 18. f7+ Kxf7 19. Ne2 e5 20. dxe5 Nxe5 21. Nf4
Bh6 22. g3 Bf5 23. Rc1 Rhe8 24. Kd1 Ra2 25. Be2 Ng6 26. Nxc4 Nxf4 27. Nd6+ Kg6
28. Nxe8 Ng2 0-1

[Event "30PCR_F"]
[Site "?"]
[Date "2014.10.27"]
[Round "?"]
[White "Pressl, Ladislav"]
[Black "Kyzlink, Vladimir"]
[Result "1-0"]
[WhiteElo "1823"]
[BlackElo "1861"]
[PlyCount "49"]
[EventDate "2014.??.??"]
[EventType "corr"]
[EventRounds "2"]
[SourceDate "2010.08.23"]

1. d4 Nf6 2. c4 c5 3. Nf3 cxd4 4. Nxd4 g6 5. Nc3 Bg7 6. e4 Nc6 7. Be3 O-O 8.
Be2 Qc7 9. O-O b6 10. Nd5 Nxd5 11. cxd5 Nxd4 12. Bxd4 Qf4 13. Bxg7 Kxg7 14.
Qd4+ f6 15. Rac1 Bb7 16. g3 Qd6 17. f4 e6 18. Bc4 Rac8 19. e5 fxe5 20. fxe5 Qe7
21. Rfd1 h5 22. d6 Qg5 23. Rc3 Rc5 24. Re1 Rf5 25. Ra3 1-0

[Event "30PCR_F"]
[Site "?"]
[Date "2014.10.27"]
[Round "?"]
[White "Kyzlink, Vladimir"]
[Black "Ptacek, Jiri"]
[Result "1/2-1/2"]
[WhiteElo "1861"]
[BlackElo "1783"]
[PlyCount "44"]
[EventDate "2014.??.??"]
[EventType "corr"]
[EventRounds "2"]
[SourceDate "2010.08.23"]

1. e4 c5 2. Nf3 d6 3. d4 cxd4 4. Nxd4 Nf6 5. Nc3 a6 6. Bg5 e6 7. Be2 Be7 8. Nf3
Nbd7 9. Bd3 h6 10. Bf4 Nc5 11. O-O Nxd3 12. Qxd3 O-O 13. Rfd1 e5 14. Bg3 Nh5
15. Nd2 Nxg3 16. Qxg3 f5 17. Nc4 fxe4 18. Nxe4 Qc7 19. Nexd6 Bxd6 20. Qb3 Kh8
21. Nxd6 b5 22. Nxc8 Raxc8 1/2-1/2

[Event "30PCR_F"]
[Site "?"]
[Date "2014.10.27"]
[Round "?"]
[White "Stepan, Josef"]
[Black "Vins, Karel"]
[Result "1-0"]
[WhiteElo "1870"]
[BlackElo "1721"]
[PlyCount "41"]
[EventDate "2014.??.??"]
[EventType "corr"]
[EventRounds "2"]
[SourceDate "2010.08.23"]

1. e4 e5 2. Bc4 Nf6 3. Nc3 c6 4. d4 exd4 5. Qxd4 d6 6. Nf3 Be6 7. Bf4 h6 8.
Bxe6 fxe6 9. O-O-O c5 10. Qc4 Qc8 11. Bxd6 Ng4 12. Nb5 Na6 13. Nh4 Kf7 14. Bxf8
Kxf8 15. Ng6+ Kf7 16. Nxh8+ Qxh8 17. Rd7+ Kg6 18. Qxe6+ Kh5 19. h4 Qf8 20. Rd5+
g5 21. hxg5+ 1-0

[Event "30PCR_F"]
[Site "?"]
[Date "2014.10.27"]
[Round "?"]
[White "Kepsta, Martin"]
[Black "Lucan, Zdenko"]
[Result "1-0"]
[WhiteElo "1900"]
[BlackElo "1611"]
[PlyCount "29"]
[EventDate "2014.??.??"]
[EventType "corr"]
[EventRounds "2"]
[SourceDate "2010.08.23"]

1. d4 e6 2. c4 f5 3. Nf3 Be7 4. Nc3 h6 5. e4 Bb4 6. Ne5 Ne7 7. Qh5+ g6 8. Nxg6
Nxg6 9. Qxg6+ Kf8 10. Bxh6+ Rxh6 11. Qxh6+ Ke8 12. exf5 exf5 13. Kd2 Bf8 14.
Qg6+ Ke7 15. Re1# 1-0

[Event "30PCR_F"]
[Site "?"]
[Date "2014.10.27"]
[Round "?"]
[White "Svoboda, Josef"]
[Black "Smolka, Jan"]
[Result "0-1"]
[WhiteElo "1915"]
[BlackElo "2242"]
[PlyCount "38"]
[EventDate "2014.??.??"]
[EventType "corr"]
[EventRounds "2"]
[SourceDate "2010.08.23"]

1. d4 Nf6 2. c4 g6 3. Nc3 d5 4. Nf3 Bg7 5. e3 O-O 6. b4 c6 7. Bb2 Bg4 8. h3
Bxf3 9. Qxf3 a5 10. b5 a4 11. Rd1 Qa5 12. cxd5 a3 13. Ba1 Nxd5 14. e4 Nb4 15.
Qe2 Rd8 16. e5 cxb5 17. Rd2 N8c6 18. f4 Nxd4 19. Qf2 Rac8 0-1

[Event "30PCR_F"]
[Site "?"]
[Date "2014.10.27"]
[Round "?"]
[White "Farny, Miroslav"]
[Black "Goc, Pavel"]
[Result "1/2-1/2"]
[WhiteElo "2097"]
[BlackElo "2241"]
[PlyCount "32"]
[EventDate "2014.??.??"]
[EventType "corr"]
[EventRounds "2"]
[SourceDate "2010.08.23"]

1. c4 e5 2. Nc3 Nc6 3. g3 g6 4. Bg2 Bg7 5. e3 d6 6. Nge2 Nge7 7. O-O O-O 8. d3
f5 9. Qb3 Be6 10. Bd2 Rb8 11. Nd5 Nxd5 12. cxd5 Bf7 13. Rfe1 Ne7 14. e4 c6 15.
Rac1 a6 16. Nc3 b5 1/2-1/2

[Event "30PCR_F"]
[Site "?"]
[Date "2014.10.27"]
[Round "?"]
[White "Fejfar, Vlastimil"]
[Black "Chvojka, Jaroslav"]
[Result "0-1"]
[WhiteElo "2160"]
[BlackElo "2241"]
[PlyCount "84"]
[EventDate "2014.??.??"]
[EventType "corr"]
[EventRounds "2"]
[SourceDate "2010.08.23"]

1. e4 e5 2. Bc4 Nf6 3. Nc3 Bc5 4. Nf3 d6 5. d3 O-O 6. O-O a6 7. Bg5 c6 8. a4 h6
9. Be3 Bxe3 10. fxe3 a5 11. Qe1 Na6 12. Rd1 Nb4 13. Bb3 Qc7 14. Nh4 Kh7 15. Qg3
Rb8 16. d4 Qe7 17. dxe5 dxe5 18. Rd2 Na6 19. Nf5 Bxf5 20. exf5 Nc5 21. Qf3 Nxb3
22. cxb3 Rbd8 23. Rfd1 Rxd2 24. Rxd2 Rd8 25. Rxd8 Qxd8 26. Qd1 Qxd1+ 27. Nxd1
Ne4 28. Nc3 Nc5 29. Kf2 g6 30. g4 Kg7 31. Kf3 gxf5 32. gxf5 h5 33. Kg3 Kf6 34.
Kh4 Kxf5 35. Kxh5 Nxb3 36. Kh6 Nd2 37. Kg7 Nf3 38. h3 Ke6 39. Ne4 f5 40. Ng3 f4
41. exf4 exf4 42. Nh1 b5 0-1

[Event "30PCR_F"]
[Site "?"]
[Date "2014.10.27"]
[Round "?"]
[White "Chvojka, Jaroslav"]
[Black "Farny, Miroslav"]
[Result "1-0"]
[WhiteElo "2241"]
[BlackElo "2097"]
[PlyCount "43"]
[EventDate "2014.??.??"]
[EventType "corr"]
[EventRounds "2"]
[SourceDate "2010.08.23"]

1. d4 d5 2. Nf3 Nc6 3. c4 e6 4. Nc3 Nge7 5. Bf4 Bd7 6. Nb5 e5 7. dxe5 a6 8. e6
axb5 9. exd7+ Qxd7 10. cxb5 Na7 11. a4 b6 12. Bd2 Nac8 13. e3 Nd6 14. Bd3 Nb7
15. b4 h6 16. O-O g6 17. Bc3 Rg8 18. a5 bxa5 19. Qc2 Bg7 20. bxa5 Bxc3 21. Qxc3
Kf8 22. Rfc1 1-0

[Event "30PCR_F"]
[Site "?"]
[Date "2014.10.27"]
[Round "?"]
[White "Goc, Pavel"]
[Black "Svoboda, Josef"]
[Result "1-0"]
[WhiteElo "2241"]
[BlackElo "1915"]
[PlyCount "33"]
[EventDate "2014.??.??"]
[EventType "corr"]
[EventRounds "2"]
[SourceDate "2010.08.23"]

1. e4 e5 2. Nf3 Nc6 3. Bc4 Bc5 4. b4 Bxb4 5. c3 Ba5 6. d4 exd4 7. O-O d6 8. Qb3
Qf6 9. cxd4 Bb6 10. e5 dxe5 11. dxe5 Qg6 12. Ng5 Nh6 13. Nc3 O-O 14. e6 fxe6
15. Bxe6+ Bxe6 16. Nxe6 Rxf2 17. Nf4+ 1-0

[Event "30PCR_F"]
[Site "?"]
[Date "2014.10.27"]
[Round "?"]
[White "Smolka, Jan"]
[Black "Kepsta, Martin"]
[Result "1-0"]
[WhiteElo "2242"]
[BlackElo "1900"]
[PlyCount "71"]
[EventDate "2014.??.??"]
[EventType "corr"]
[EventRounds "2"]
[SourceDate "2010.08.23"]

1. e4 e5 2. Nf3 Nc6 3. Bb5 Nf6 4. O-O Nxe4 5. d4 Nd6 6. Bxc6 dxc6 7. dxe5 Nf5
8. Qxd8+ Kxd8 9. Nc3 Bd7 10. Rd1 Be7 11. Ng5 Bxg5 12. Bxg5+ Kc8 13. Rd2 b6 14.
Rad1 Be6 15. g4 Nh6 16. h3 Rf8 17. Bxh6 gxh6 18. f4 f5 19. exf6 Rxf6 20. f5 Bc4
21. Rd8+ Kb7 22. Rxa8 Kxa8 23. b3 Be6 24. fxe6 Rxe6 25. Kf2 Re7 26. Re1 Rd7 27.
Re6 Rd2+ 28. Ke3 Rxc2 29. Kd3 Rg2 30. Rxh6 Rg3+ 31. Kd2 Kb7 32. Ne2 Rg2 33.
Rxh7 a5 34. Ke3 b5 35. Kf3 Rh2 36. g5 1-0

[Event "30PCR_F"]
[Site "?"]
[Date "2014.10.27"]
[Round "?"]
[White "Lucan, Zdenko"]
[Black "Stepan, Josef"]
[Result "0-1"]
[WhiteElo "1611"]
[BlackElo "1870"]
[PlyCount "44"]
[EventDate "2014.??.??"]
[EventType "corr"]
[EventRounds "2"]
[SourceDate "2010.08.23"]

1. b3 e5 2. Bb2 Nc6 3. c4 Nf6 4. Nc3 d5 5. e3 d4 6. exd4 exd4 7. Nb1 Bc5 8. d3
O-O 9. Ba3 Bxa3 10. Nxa3 Qe7+ 11. Be2 Qxa3 12. Nf3 Bf5 13. O-O Rad8 14. h3 Rfe8
15. Re1 Re7 16. Nh2 Rde8 17. Qd2 Qb4 18. Qxb4 Nxb4 19. Kf1 Nc2 20. Rac1 Nxe1
21. Rxe1 Bxd3 22. Bxd3 Rxe1# 0-1

[Event "30PCR_F"]
[Site "?"]
[Date "2014.10.27"]
[Round "?"]
[White "Vins, Karel"]
[Black "Kyzlink, Vladimir"]
[Result "1-0"]
[WhiteElo "1721"]
[BlackElo "1861"]
[PlyCount "81"]
[EventDate "2014.??.??"]
[EventType "corr"]
[EventRounds "2"]
[SourceDate "2010.08.23"]

1. e4 e5 2. Nf3 Nc6 3. Bb5 a6 4. Ba4 Nf6 5. d3 b5 6. Bb3 Be7 7. c3 O-O 8. h3 d6
9. O-O Bb7 10. Re1 b4 11. cxb4 Nxb4 12. a3 Nc6 13. Nc3 Nd4 14. Nxd4 exd4 15.
Ne2 c5 16. Bc2 Rc8 17. b3 h6 18. Ng3 d5 19. f3 Rb8 20. Bf4 Rc8 21. Qd2 Re8 22.
Nf5 dxe4 23. fxe4 Nd7 24. Bd1 Rc6 25. Qf2 a5 26. a4 Nf8 27. Rf1 Ne6 28. Bxh6
gxh6 29. Nxh6+ Kg7 30. Nxf7 Qc7 31. e5 Nf8 32. Bh5 Ng6 33. Rae1 Re6 34. Qd2 Kg8
35. Nh6+ Kh7 36. Rf7+ Kh8 37. Ng4 Bg5 38. Rxc7 Bxd2 39. Rf1 R8e7 40. Rxe7 Rxe7
41. Bxg6 1-0

[Event "30PCR_F"]
[Site "?"]
[Date "2014.10.27"]
[Round "?"]
[White "Ptacek, Jiri"]
[Black "Pressl, Ladislav"]
[Result "1-0"]
[WhiteElo "1783"]
[BlackElo "1823"]
[PlyCount "25"]
[EventDate "2014.??.??"]
[EventType "corr"]
[EventRounds "2"]
[SourceDate "2010.08.23"]

1. Nf3 Nf6 2. d4 e6 3. Bg5 Be7 4. Bxf6 Bxf6 5. e4 d6 6. Nc3 O-O 7. e5 dxe5 8.
dxe5 Be7 9. Qxd8 Rxd8 10. Bd3 Nc6 11. O-O b6 12. Be4 Na5 13. Bxa8 1-0

[Event "30PCR_F"]
[Site "?"]
[Date "2014.10.27"]
[Round "?"]
[White "Pressl, Ladislav"]
[Black "Vins, Karel"]
[Result "0-1"]
[WhiteElo "1823"]
[BlackElo "1721"]
[PlyCount "42"]
[EventDate "2014.??.??"]
[EventType "corr"]
[EventRounds "2"]
[SourceDate "2010.08.23"]

1. d4 d5 2. c4 e6 3. Nf3 Nf6 4. Bg5 h6 5. Bxf6 Qxf6 6. e3 c6 7. Bd3 Nd7 8. O-O
Bd6 9. Nc3 dxc4 10. Bxc4 O-O 11. e4 e5 12. Qd2 Nb6 13. Bb3 Bg4 14. dxe5 Bxe5
15. Nxe5 Qxe5 16. f3 Be6 17. Bxe6 Qxe6 18. Qe2 Rfd8 19. Rad1 Qe7 20. f4 f6 21.
b3 Qc5+ 0-1

[Event "30PCR_F"]
[Site "?"]
[Date "2014.10.27"]
[Round "?"]
[White "Kyzlink, Vladimir"]
[Black "Lucan, Zdenko"]
[Result "1-0"]
[WhiteElo "1861"]
[BlackElo "1611"]
[PlyCount "60"]
[EventDate "2014.??.??"]
[EventType "corr"]
[EventRounds "2"]
[SourceDate "2010.08.23"]

1. e4 c5 2. Nf3 e6 3. d4 cxd4 4. Nxd4 a6 5. Bd3 Bc5 6. Nb3 Be7 7. O-O Nf6 8. e5
Nd5 9. Be4 Nc7 10. Bf4 O-O 11. Qd3 g6 12. Qg3 Kh8 13. Nc3 Rg8 14. Rad1 Ne8 15.
Rd2 Ng7 16. Be3 Nh5 17. Qf3 f5 18. Bxb7 Bxb7 19. Qxb7 Nc6 20. Qxd7 Qxd7 21.
Rxd7 Rac8 22. a3 Rc7 23. Rxc7 f4 24. Rxc6 fxe3 25. fxe3 Bg5 26. Rf3 Re8 27.
Rxa6 Ng7 28. Ne4 h6 29. Nxg5 hxg5 30. Ra7 Nf5 1-0

[Event "30PCR_F"]
[Site "?"]
[Date "2014.10.27"]
[Round "?"]
[White "Stepan, Josef"]
[Black "Smolka, Jan"]
[Result "1/2-1/2"]
[WhiteElo "1870"]
[BlackElo "2242"]
[PlyCount "100"]
[EventDate "2014.??.??"]
[EventType "corr"]
[EventRounds "2"]
[SourceDate "2010.08.23"]

1. e4 e5 2. Nf3 Nc6 3. Bb5 a6 4. Bxc6 dxc6 5. O-O f6 6. h3 Bc5 7. Qe2 Be6 8. c3
Ne7 9. Rd1 O-O 10. d4 exd4 11. cxd4 Ba7 12. Nc3 Re8 13. Qc2 Bf7 14. Bf4 Qc8 15.
Bg3 Bh5 16. Qd3 Rd8 17. Ne2 Bb6 18. Nf4 Bf7 19. Qc2 Ng6 20. Ne2 Qe6 21. Nc3 Rd7
22. d5 cxd5 23. Nxd5 Rad8 24. Nxb6 Qxb6 25. Rxd7 Rxd7 26. b3 c5 27. e5 Bd5 28.
Rd1 Qc6 29. exf6 gxf6 30. Qc3 Kg7 31. Nh2 Nf8 32. Bh4 Bf7 33. Qg3+ Bg6 34. Re1
h5 35. Qc3 Bf7 36. Nf3 b5 37. Bg5 Ng6 38. Bc1 c4 39. bxc4 Qxc4 40. Qe3 Qxa2 41.
Nd2 Qa4 42. Ne4 Qd4 43. Qh6+ Kg8 44. Ba3 Rc7 45. Nd6 Rc2 46. Rf1 Qd5 47. Nxf7
Qxf7 48. Rc1 Rxc1+ 49. Qxc1 Qe6 50. Bb4 Qc4 1/2-1/2

[Event "30PCR_F"]
[Site "?"]
[Date "2014.10.27"]
[Round "?"]
[White "Kepsta, Martin"]
[Black "Goc, Pavel"]
[Result "1/2-1/2"]
[WhiteElo "1900"]
[BlackElo "2241"]
[PlyCount "86"]
[EventDate "2014.??.??"]
[EventType "corr"]
[EventRounds "2"]
[SourceDate "2010.08.23"]

1. d4 Nf6 2. c4 e6 3. Nc3 Bb4 4. Bg5 h6 5. Bxf6 Qxf6 6. e4 c5 7. e5 Qe7 8. Nf3
cxd4 9. Nxd4 O-O 10. Bd3 Qg5 11. Nf3 Qxg2 12. Rg1 Qh3 13. Qe2 d5 14. O-O-O Bxc3
15. Rg3 Qh5 16. Rdg1 Bxb2+ 17. Kxb2 f5 18. exf6 g5 19. Rxg5+ hxg5 20. Rxg5+
Qxg5 21. Nxg5 Rxf6 22. cxd5 Na6 23. dxe6 Nc5 24. Bc4 Kg7 25. Ne4 Nxe4 26. Qxe4
Rxf2+ 27. Ka3 Bxe6 28. Qxb7+ Rf7 29. Qxa8 Bxc4 30. Qg2+ Kf6 31. h4 Ke5 32. h5
Kd4 33. h6 Bd3 34. Qg4+ Be4 35. Kb4 Rb7+ 36. Ka5 Kd5 37. Ka6 Rh7 38. Qg5+ Kd4
39. Qf6+ Kd5 40. a3 Rd7 41. Ka5 Rb7 42. Qa6 Rh7 43. Kb4 Ke5 1/2-1/2

[Event "30PCR_F"]
[Site "?"]
[Date "2014.10.27"]
[Round "?"]
[White "Svoboda, Josef"]
[Black "Chvojka, Jaroslav"]
[Result "0-1"]
[WhiteElo "1915"]
[BlackElo "2241"]
[PlyCount "38"]
[EventDate "2014.??.??"]
[EventType "corr"]
[EventRounds "2"]
[SourceDate "2010.08.23"]

1. e4 e6 2. d4 d5 3. exd5 exd5 4. Nc3 Nf6 5. Bg5 Bb4 6. Qe2+ Be6 7. Qb5+ Nc6 8.
Qxb7 Nxd4 9. O-O-O Rb8 10. Qxa7 c5 11. Bxf6 gxf6 12. Nge2 Ra8 13. Qb7 Bxc3 14.
Nxc3 O-O 15. Rd3 Re8 16. Rxd4 cxd4 17. Nd1 Rxa2 18. Qb4 Bf5 19. Qxd4 Qa5 0-1

[Event "30PCR_F"]
[Site "?"]
[Date "2014.10.27"]
[Round "?"]
[White "Fejfar, Vlastimil"]
[Black "Svoboda, Josef"]
[Result "1-0"]
[WhiteElo "2160"]
[BlackElo "1915"]
[PlyCount "49"]
[EventDate "2014.??.??"]
[EventType "corr"]
[EventRounds "2"]
[SourceDate "2010.08.23"]

1. e4 c5 2. Nf3 Nc6 3. d4 cxd4 4. Nxd4 Nf6 5. Nc3 d6 6. Bg5 Bd7 7. Be2 e6 8.
Ndb5 Qb8 9. a4 a6 10. Na3 Be7 11. Qd2 h6 12. Be3 Ne5 13. f4 Ng6 14. Nc4 b5 15.
Nb6 b4 16. Nd1 Ra7 17. Nxd7 Rxd7 18. Bxa6 O-O 19. Nf2 Qa8 20. Bb5 Rc7 21. Bd3
d5 22. Bb6 Rcc8 23. e5 Ne4 24. Qe3 Nxf4 25. Qxf4 1-0

[Event "30PCR_F"]
[Site "?"]
[Date "2014.10.27"]
[Round "?"]
[White "Chvojka, Jaroslav"]
[Black "Kepsta, Martin"]
[Result "1-0"]
[WhiteElo "2241"]
[BlackElo "1900"]
[PlyCount "53"]
[EventDate "2014.??.??"]
[EventType "corr"]
[EventRounds "2"]
[SourceDate "2010.08.23"]

1. d4 d5 2. Nf3 e6 3. c4 Nf6 4. Nc3 dxc4 5. e3 c5 6. Bxc4 cxd4 7. exd4 Be7 8.
O-O h6 9. d5 exd5 10. Nxd5 Nxd5 11. Bxd5 O-O 12. Ne5 Bf6 13. Bf4 Bxe5 14. Bxe5
Nc6 15. Bc3 Re8 16. Qf3 Be6 17. Bxc6 bxc6 18. Qxc6 Bd5 19. Qc5 Qg5 20. f3 Qe3+
21. Qxe3 Rxe3 22. Rfd1 Bc4 23. Rd7 a6 24. Rd4 Rc8 25. Rg4 g6 26. Rh4 Kh7 27.
Bd2 1-0

[Event "30PCR_F"]
[Site "?"]
[Date "2014.10.27"]
[Round "?"]
[White "Goc, Pavel"]
[Black "Stepan, Josef"]
[Result "0-1"]
[WhiteElo "2241"]
[BlackElo "1870"]
[PlyCount "100"]
[EventDate "2014.??.??"]
[EventType "corr"]
[EventRounds "2"]
[SourceDate "2010.08.23"]

1. e4 c5 2. Nf3 Nc6 3. d4 cxd4 4. Nxd4 e5 5. Nb5 d6 6. c4 Nf6 7. f3 Be7 8. Be3
O-O 9. Qd2 Be6 10. N1c3 a6 11. Na3 Nd4 12. Bxd4 exd4 13. Qxd4 Nd7 14. Be2 Rc8
15. Nd5 Bxd5 16. cxd5 f5 17. O-O Bf6 18. Qb4 Re8 19. Bd3 Nc5 20. Rad1 a5 21.
Qb5 Nxd3 22. Qxd3 Qb6+ 23. Kh1 Qxb2 24. Rd2 fxe4 25. fxe4 Qc3 26. Nb5 Qxd3 27.
Rxd3 Be5 28. Na3 a4 29. g3 Rf8 30. Rxf8+ Kxf8 31. Kg2 Bb2 32. Kf3 Rc5 33. Ke2
b5 34. Kd2 b4 35. Nc2 Rc4 36. Re3 Bf6 37. h4 Ke7 38. Kd1 g5 39. hxg5 Bxg5 40.
Rd3 Rxe4 41. Rd4 Rxd4+ 42. Nxd4 Kf6 43. Kc2 Be3 44. Nc6 Bc5 45. Kd3 h5 46. Kc4
Kf5 47. Nxb4 Bxb4 48. Kxb4 Kg4 49. Kxa4 Kxg3 50. Kb5 h4 0-1

[Event "30PCR_F"]
[Site "?"]
[Date "2014.10.27"]
[Round "?"]
[White "Smolka, Jan"]
[Black "Kyzlink, Vladimir"]
[Result "1-0"]
[WhiteElo "2242"]
[BlackElo "1861"]
[PlyCount "47"]
[EventDate "2014.??.??"]
[EventType "corr"]
[EventRounds "2"]
[SourceDate "2010.08.23"]

1. e4 e5 2. Nf3 Nc6 3. Bb5 a6 4. Bxc6 dxc6 5. O-O Bg4 6. h3 Bxf3 7. Qxf3 Qd7 8.
c3 Nf6 9. d4 exd4 10. Rd1 Qe6 11. cxd4 Bb4 12. a3 Ba5 13. b4 Bb6 14. Nc3 O-O
15. d5 cxd5 16. exd5 Qd7 17. Bf4 c5 18. bxc5 Bxc5 19. Be5 Ne8 20. d6 Rd8 21.
Ne4 Ba7 22. Rac1 Qe6 23. Bg3 Qg6 24. d7 1-0

[Event "30PCR_F"]
[Site "?"]
[Date "2014.10.27"]
[Round "?"]
[White "Lucan, Zdenko"]
[Black "Pressl, Ladislav"]
[Result "1/2-1/2"]
[WhiteElo "1611"]
[BlackElo "1823"]
[PlyCount "68"]
[EventDate "2014.??.??"]
[EventType "corr"]
[EventRounds "2"]
[SourceDate "2010.08.23"]

1. d4 Nf6 2. Bg5 e6 3. Bxf6 Qxf6 4. Nf3 c5 5. c3 cxd4 6. Qxd4 Qd8 7. e3 Nc6 8.
Qd1 d5 9. Bb5 Bd7 10. Bxc6 Bxc6 11. O-O Be7 12. Nbd2 Bf6 13. Nd4 e5 14. Nxc6
bxc6 15. Qf3 Rb8 16. Rab1 Qa5 17. a3 O-O 18. Qd1 Rfd8 19. Qc2 c5 20. Nb3 Qa4
21. Na1 Qxc2 22. Nxc2 d4 23. Rfd1 Rd6 24. cxd4 cxd4 25. exd4 exd4 26. Rd3 Rbd8
27. Rbd1 h6 28. h3 Kf8 29. a4 a5 30. b3 Ke7 31. g4 Ke6 32. f3 Be5 33. Kg2 g5
34. Na3 Rd5 1/2-1/2